000
00330nam a2200145Ia 4500
008
230718s9999 xx 000 0 und d
041
_a
Eng.
082
_a
343.0949
_b
PRA-T
100
_a
Prasad, B.M
245
4
_a
The Code of Criminal
260
_a
Pakistan
_b
Lexis Nexis
_c
2016
300
_a
2321
650
_a
Law
999
_c
31378
_d
31378